Construction output down by 1.8% in euro area (Record no. 112037)
[ view plain ]
| 000 -LEADER | |
|---|---|
| fixed length control field | 01100cad a22002175a 4500 |
| 001 - CONTROL NUMBER | |
| control field | L152399 |
| 008 - FIXED-LENGTH DATA ELEMENTS--GENERAL INFORMATION | |
| fixed length control field | 110301e20110119 d f s i000 0 eng d |
| 035 ## - SYSTEM CONTROL NUMBER | |
| System control number | (Sirsi) u152399 |
| 041 0# - LANGUAGE CODE | |
| Language code of text/sound track or separate title | eng |
| 110 2# - MAIN ENTRY--CORPORATE NAME | |
| Corporate name or jurisdiction name as entry element | Eurostat |
| 9 (RLIN) | 1416 |
| 245 00 - TITLE STATEMENT | |
| Title | Construction output down by 1.8% in euro area |
| Medium | [electronic resource] |
| 260 ## - PUBLICATION, DISTRIBUTION, ETC. | |
| Date of publication, distribution, etc. | 2011 |
| 490 #0 - SERIES STATEMENT | |
| Series statement | Eurostat News Release |
| Volume/sequential designation | (25/2011) 17 February 2011 |
| 520 ## - SUMMARY, ETC. | |
| Summary, etc. | December 2010 compared with November 2010; construction output down by 1.8% in euro area; down by 3.1% in the EU27; in the construction sector, seasonally adjusted production fell by 1.8% in the euro area (EA16) and by 3.1% in the EU27 in December 2010, compared with the previous month. In November 2010, production decreased by 0.9% and 0.8% respectively. |
| 590 ## - LOCAL NOTE (RLIN) | |
| Local note | KA NTK |
| 650 24 - SUBJECT ADDED ENTRY--TOPICAL TERM | |
| Topical term or geographic name entry element | EUROSTAT MONTHLY CONSTRUCTION INDEX |
| 651 #4 - SUBJECT ADDED ENTRY--GEOGRAPHIC NAME | |
| Geographic name | Europe |
| 690 ## - LOCAL SUBJECT ADDED ENTRY--TOPICAL TERM (OCLC, RLIN) | |
| Topical term or geographic name as entry element | BUILT ENVIRONMENT-CONSTRUCTION MARKET |
| 856 40 - ELECTRONIC LOCATION AND ACCESS | |
| Uniform Resource Identifier | <a href="https://epp.eurostat.ec.europa.eu/cache/ITY_PUBLIC/4-17022011-AP/EN/4-17022011-AP-EN.PDF">https://epp.eurostat.ec.europa.eu/cache/ITY_PUBLIC/4-17022011-AP/EN/4-17022011-AP-EN.PDF</a> |
| Public note | View the item free of charge at http://epp.eurostat.ec.europa.eu |
| 942 ## - ADDED ENTRY ELEMENTS (KOHA) | |
| Suppress in OPAC | 0 |
| Withdrawn status | Lost status | Source of classification or shelving scheme | Damaged status | Not for loan | Home library | Current library | Shelving location | Date acquired | Total Checkouts | Full call number | Barcode | Date last seen | Copy number | Price effective from | Koha item type |
|---|---|---|---|---|---|---|---|---|---|---|---|---|---|---|---|
| Dewey Decimal Classification | Virtual | Virtual | Online | 01/03/2011 | ONLINE PUBLICATION | 152399-2001 | 06/08/2019 | 1 | 06/08/2019 | Book |